000 00678cab a2200217 4500
001 ABS55658
008 090401t1996 xxu||||| |||| 00| 0 eng d
035 _a(Sirsi) u17833
041 _aeng
100 _aCook, A.
245 _aBlade runners
260 _c1996
350 _a0
490 _aBuilding
_v261(7944) 30 August 1996, 46-47(2)
520 _aLuton Town football club is planning a multi-use, all-year round, sports stadium with a grass pitch which can be moved in and out of the stadium within a day.
650 _aFOOTBALL STADIA
650 _aMULTI-USE SPORTS STADIA
690 _aBUILDING AND CONSTRUCTION-PROJECTS
942 _n0
948 _c04/03/1997
999 _c11828
_d11828